000
00309nam a2200133Ia 4500
008
191201s2012 xx 000 0 und d
082
_a
659
_b
JEC
100
_a
JETHWANEY, Jaishri
245
0
_a
Corporate Communication
260
_a
N. Delhi
_b
Oxford
_c
2012
300
_a
432
650
_a
MBA
942
_2
ddc
_c
BK
999
_c
5165
_d
5165